Captación de aguas subterráneas : nuevos métodos de prospección y de cálculo de caudales. /
Guardado en:
| Autor Principal: | |
|---|---|
| Formato: | Libro |
| Idioma: | Spanish |
| Publicado: |
Madrid :
Dossat,
1972.
|
| Edición: | 2. ed. |
| Etiquetas: |
Agregar Etiqueta
Sin Etiquetas, Sea el primero en etiquetar este registro!
|
| LEADER | 00607nam a22001695a 4500 | ||
|---|---|---|---|
| 001 | EUN.um021656 | ||
| 003 | AR-BaUNS | ||
| 005 | 20050623122900.0 | ||
| 008 | 041125s1972####sp#a##########000#0#spa#d | ||
| 245 | 1 | 0 | |a Captación de aguas subterráneas : |b nuevos métodos de prospección y de cálculo de caudales. / |c Alberto Benitez. |
| 260 | |a Madrid : |b Dossat, |c 1972. | ||
| 300 | |a 619 p. : |b ilus. ; |c 23,5 cm. | ||
| 100 | 1 | |a Benitez, Alberto. | |
| 082 | 0 | 4 | |a 551.49 |
| 250 | |a 2. ed. | ||
| 859 | |a Ar-BaUNS |b BIB. CENTRAL - Sector A |h 551.49 |i B437 |p 69076/974 | ||
| 859 | |a Ar-BaUNS |b BIB. CENTRAL - Sector A |h 551.49 |i B437 |p 80800/978 |t Ej.2 | ||
